| 000 | 00650nab a2200193 4500 | ||
|---|---|---|---|
| 001 | 244442 | ||
| 003 | OSt | ||
| 005 | 20241121101100.0 | ||
| 007 | tu | ||
| 008 | 200917s2020||||||| | ||
| 040 |
_aDE-2950 _cDE-2950 |
||
| 245 | 0 | 0 |
_aErste Einblicke in die Zimmer _bHerberge. Die Kette B&B feiert in Frankfurt die Eröffnung eines neuen Hotels am Dresdner Platz. Wann Gäste die Zimmer buchen können und was sie kosten/ _cSelim Pekel |
| 264 | _c2024 | ||
| 653 | _aFrankfurt (Oder) | ||
| 653 | _aHotelneubau | ||
| 653 | _aDresdner Platz | ||
| 773 | 0 |
_g35. Jahrgang (2024) Nr. 267 vom 15.11.2024, S. 16 mit Foto _tMärkische Oderzeitung |
|
| 942 |
_2z _cA |
||
| 999 |
_c373471 _d373471 |
||